000
00234nam a22000857a 4500
008
170621b xxu||||| |||| 00| 0 eng d
100
_9
3594
_a
Bansal. S. K
245
_a
Foundation of information technolgy
260
_a
New Delhi
_b
A. P. H
_c
2002
999
_c
6982
_d
6982